000 00323nam a2200133Ia 4500
008 200103s9999||||xx |||||||||||||| ||und||
040 _aIMU-MPC
082 _aColumn-64
100 _aRobinson, William Albert
245 0 _aDeep Water and Shoal
260 _bRupert Hart-Davis, London
_c1950
300 _a319
942 _cBK
999 _c11402
_d11402